| 000 | 00685cam a2200205 a 4500 | ||
|---|---|---|---|
| 001 | 000006130 | ||
| 005 | 20200929151937.0 | ||
| 008 | 961002s1993 ck 000 p spa | ||
| 020 | _a9586121569 | ||
| 040 |
_aDO-SdBNP _dBNPHU |
||
| 082 |
_aC861.44 _bP745c |
||
| 245 | 0 | 0 | _aPoesía contemporánea del Chocó. |
| 260 |
_aBogotá : _bDepartamento de Publicaciones de Colcultura, Subdirección de Comunicaciones, _c1993. |
||
| 300 |
_a89 p. ; _c19 cm. |
||
| 490 | 1 |
_aBiblioteca del Darién _vno. 7 |
|
| 650 | 4 |
_aPoesía colombiana _93742 |
|
| 650 | 4 |
_aLiteratura colombiana _ySIGLO XX _914409 |
|
| 830 | 0 |
_aBiblioteca del Darién ; _vno. 7. _917253 |
|
| 910 | _aCatalogación por copia / LC | ||
| 999 |
_c5926 _d5926 |
||